[Event "Vesterhav"]
[Site "Esbjerg"]
[Date "2008.07.11"]
[Round "1"]
[White "Andersen, Jackie"]
[Black "Hansen, Ib Lynaes"]
[Result "1-0"]
[WhiteElo "2300"]
[BlackElo "1926"]
[PlyCount "73"]
[EventDate "2008.07.11"]
[EventType "swiss"]
[EventRounds "10"]
[EventCountry "DEN"]
[Source "ChessBase"]
[SourceDate "2008.09.01"]

1. d4 c5 2. d5 d6 3. e4 g6 4. Nc3 Bg7 5. f4 a6 6. Nf3 Nf6 7. e5 dxe5 8. fxe5
Ng4 9. Bf4 O-O 10. h3 Nh6 11. Qd2 Nf5 12. O-O-O f6 13. e6 Qa5 14. Kb1 Rd8 15.
Ne4 Qxd2 16. Rxd2 b6 17. Bc7 Re8 18. Bxb6 Ne3 19. Bxc5 Nxf1 20. Rxf1 a5 21. c4
Na6 22. Bb6 a4 23. g4 Rb8 24. Ba5 h6 25. h4 Nb4 26. h5 f5 27. gxf5 gxf5 28. Rg1
Kh8 29. Nc5 a3 30. Bc7 Ra8 31. Rdg2 Bf6 32. Rg6 Kh7 33. Bf4 Bg5 34. Bxg5 hxg5
35. Nxg5+ Kh8 36. Nf7+ Kh7 37. Rg7# 1-0

[Event "Vesterhav"]
[Site "Esbjerg"]
[Date "2008.07.11"]
[Round "1"]
[White "Andersen, Mads"]
[Black "Trarup, Jorgen"]
[Result "1-0"]
[WhiteElo "2092"]
[BlackElo "1784"]
[PlyCount "59"]
[EventDate "2008.07.11"]
[EventType "swiss"]
[EventRounds "10"]
[EventCountry "DEN"]
[Source "ChessBase"]
[SourceDate "2008.09.01"]

1. e4 c5 2. Nf3 Nc6 3. d4 cxd4 4. Nxd4 a6 5. Nc3 e6 6. Nxc6 bxc6 7. Bd3 g6 8.
O-O Bg7 9. f4 Rb8 10. e5 Bb7 11. Ne4 Bf8 12. Be3 Qa5 13. Bc4 Qc7 14. Bc5 Bxc5+
15. Nxc5 Bc8 16. Qd4 a5 17. b3 Ra8 18. Rad1 Ne7 19. g4 Ra7 20. Rf3 O-O 21. Rh3
Kg7 22. Qf2 Qd8 23. Qh4 Rh8 24. Qh6+ Kg8 25. Ne4 Qb6+ 26. Kh1 Nd5 27. Bxd5 f5
28. Nf6+ Kf7 29. Nxh7 cxd5 30. Ng5+ 1-0

[Event "Vesterhav"]
[Site "Esbjerg"]
[Date "2008.07.11"]
[Round "1"]
[White "Andersen, Morten"]
[Black "Hansen, Erik Hedegaard"]
[Result "1-0"]
[WhiteElo "2185"]
[BlackElo "1818"]
[PlyCount "99"]
[EventDate "2008.07.11"]
[EventType "swiss"]
[EventRounds "10"]
[EventCountry "DEN"]
[Source "ChessBase"]
[SourceDate "2008.09.01"]

1. e4 c5 2. Nf3 Nc6 3. d4 cxd4 4. Nxd4 d6 5. Nc3 e6 6. Be2 Nf6 7. O-O Be7 8.
Be3 O-O 9. f4 a6 10. a4 d5 11. e5 Ne4 12. Nxe4 dxe4 13. Nxc6 bxc6 14. Qxd8 Rxd8
15. Rfd1 Rb8 16. Rxd8+ Bxd8 17. Rd1 Bc7 18. b3 Kf8 19. Ba7 Ra8 20. Bc5+ Ke8 21.
Rd4 Bb8 22. Rxe4 Ba7 23. Rc4 Bxc5+ 24. Rxc5 Bb7 25. a5 Rd8 26. Bf3 Kd7 27. Kf2
Kc7 28. Ke3 Kb8 29. Rc4 Kc7 30. Rd4 Rb8 31. Rc4 Rd8 32. g4 h6 33. h4 Ba8 34. f5
Re8 35. Rc5 exf5 36. gxf5 Rb8 37. Bd5 f6 38. Be6 fxe5 39. Rxe5 Kd6 40. Re4 c5
41. Rg4 Rb7 42. Bc4 Re7+ 43. Kd2 Bb7 44. Rg6+ Kc7 45. Bxa6 Be4 46. Bd3 Rd7 47.
Kc3 Bd5 48. f6 gxf6 49. Rxf6 h5 50. Rf5 1-0

[Event "Vesterhav"]
[Site "Esbjerg"]
[Date "2008.07.11"]
[Round "1"]
[White "Andersen, Vagn Skov"]
[Black "Svane, Henrik"]
[Result "1/2-1/2"]
[WhiteElo "1778"]
[BlackElo "2150"]
[PlyCount "57"]
[EventDate "2008.07.11"]
[EventType "swiss"]
[EventRounds "10"]
[EventCountry "DEN"]
[Source "ChessBase"]
[SourceDate "2008.09.01"]

1. c4 c5 2. Nc3 Nf6 3. e4 e6 4. e5 Ng8 5. Nf3 Nc6 6. Be2 a6 7. O-O Qc7 8. Re1
Nxe5 9. Nxe5 Qxe5 10. Bf3 Qc7 11. Nd5 Qd8 12. d4 cxd4 13. Qxd4 Ne7 14. Nc3 Nf5
15. Qg4 Be7 16. Be4 h5 17. Qd1 g6 18. Bf4 d6 19. Bxf5 gxf5 20. h4 b6 21. Qd2
Bb7 22. Rad1 Rg8 23. Nd5 Bxh4 24. Bxd6 Bxd5 25. Qxd5 Qc8 26. Qxf5 Rg6 27. Qxh5
Bf6 28. Qh3 Qxc4 29. Rc1 1/2-1/2

[Event "Vesterhav"]
[Site "Esbjerg"]
[Date "2008.07.11"]
[Round "1"]
[White "Bach, Matthias"]
[Black "Voss, Chantal"]
[Result "1-0"]
[WhiteElo "2272"]
[BlackElo "1913"]
[PlyCount "71"]
[EventDate "2008.07.11"]
[EventType "swiss"]
[EventRounds "10"]
[EventCountry "DEN"]
[Source "ChessBase"]
[SourceDate "2008.09.01"]

1. b4 e5 2. Bb2 d6 3. e3 Nf6 4. Nf3 Bg4 5. Be2 Be7 6. O-O O-O 7. Nd4 Bxe2 8.
Nxe2 Nbd7 9. f4 Nd5 10. a3 Bf6 11. c4 exf4 12. Bxf6 N5xf6 13. Nxf4 Nb6 14. Qe2
d5 15. c5 Nc4 16. Nc3 Ne5 17. d4 Ng6 18. Nh5 Nxh5 19. Qxh5 c6 20. Rae1 Qd7 21.
Ne2 Rae8 22. Ng3 Re6 23. Qg4 Rd8 24. Nf5 Qc7 25. Nd6 Rdxd6 26. cxd6 Qxd6 27. e4
Qe7 28. e5 Nf8 29. Re3 Nd7 30. Qf5 Qe8 31. g4 h6 32. Kh1 Qe7 33. g5 hxg5 34.
Rg1 Rh6 35. Rxg5 Rh4 36. Reg3 1-0

[Event "Vesterhav"]
[Site "Esbjerg"]
[Date "2008.07.11"]
[Round "1"]
[White "Christensen, Michael"]
[Black "Fogh, Jens Olaf Svanholm"]
[Result "0-1"]
[WhiteElo "1509"]
[BlackElo "2032"]
[PlyCount "54"]
[EventDate "2008.07.11"]
[EventType "swiss"]
[EventRounds "10"]
[EventCountry "DEN"]
[Source "ChessBase"]
[SourceDate "2008.09.01"]

1. Nf3 d5 2. d4 g6 3. c4 c6 4. Nc3 Bg7 5. e3 Nf6 6. cxd5 cxd5 7. Bd3 O-O 8. h3
Nc6 9. Bd2 Bd7 10. O-O Rc8 11. Rc1 e6 12. Ne5 Nxe5 13. dxe5 Ne8 14. f4 f6 15.
exf6 Nxf6 16. Qe2 Bc6 17. b3 Qd7 18. Bb5 Bxb5 19. Nxb5 Ne4 20. Rxc8 Rxc8 21.
Rc1 Rxc1+ 22. Bxc1 Qc6 23. Ba3 a6 24. Nd4 Bxd4 25. exd4 Kf7 26. Qd3 Qc3 27. Qd1
Qe3+ 0-1

[Event "Vesterhav"]
[Site "Esbjerg"]
[Date "2008.07.11"]
[Round "1"]
[White "Christensen, Soren Graugaard"]
[Black "Rendboe, John Filip"]
[Result "1/2-1/2"]
[WhiteElo "1905"]
[BlackElo "2234"]
[PlyCount "143"]
[EventDate "2008.07.11"]
[EventType "swiss"]
[EventRounds "10"]
[EventCountry "DEN"]
[Source "ChessBase"]
[SourceDate "2008.09.01"]

1. d4 d5 2. Nf3 Nf6 3. Bf4 c5 4. e3 Qb6 5. b3 Nc6 6. c3 Bf5 7. Bd3 Bxd3 8. Qxd3
c4 9. Qc2 cxb3 10. axb3 Rc8 11. O-O e6 12. Rc1 Be7 13. Qd1 O-O 14. Nbd2 a6 15.
Rc2 Rfd8 16. Qb1 h6 17. h3 Na7 18. c4 Nc6 19. c5 Qb5 20. Rca2 Ra8 21. Qf1 Qxf1+
22. Kxf1 Rdc8 23. Ra4 Nd7 24. b4 Na7 25. Nb1 Nb5 26. Nfd2 f6 27. Nb3 e5 28. Bg3
Kf7 29. f3 Ke6 30. Be1 Rab8 31. Nc3 Nxc3 32. Bxc3 Bd8 33. R4a2 Bc7 34. Rd2 f5
35. dxe5 Bxe5 36. Nd4+ Bxd4 37. Bxd4 Ne5 38. Rad1 Nc4 39. Rd3 g5 40. Bg7 Rg8
41. Bc3 f4 42. Bd4 fxe3 43. Re1 Kd7 44. Bxe3 Kc6 45. Bf2 Rbe8 46. Rdd1 Rxe1+
47. Rxe1 Rg6 48. Re7 Na3 49. Bg3 Nb5 50. Be5 d4 51. Ke1 Kd5 52. Kd2 Kc4 53.
Rxb7 Re6 54. f4 gxf4 55. Bxf4 d3 56. Be3 Nc3 57. Rd7 Nb1+ 58. Kc1 Rxe3 59. Kxb1
Kc3 60. c6 Re1+ 61. Ka2 Re2+ 62. Ka3 Re6 63. c7 Rc6 64. Ka4 Kc2 65. b5 axb5+
66. Kxb5 Rc3 67. Ka6 d2 68. Ka7 Ra3+ 69. Kb7 Rb3+ 70. Kc6 Rc3+ 71. Kb7 Rb3+ 72.
Kc6 1/2-1/2

[Event "Vesterhav"]
[Site "Esbjerg"]
[Date "2008.07.11"]
[Round "1"]
[White "Evdokimov, Alexander A"]
[Black "Nordin, Eric"]
[Result "1-0"]
[WhiteElo "2555"]
[BlackElo "1991"]
[PlyCount "43"]
[EventDate "2008.07.11"]
[EventType "swiss"]
[EventRounds "10"]
[EventCountry "DEN"]
[Source "ChessBase"]
[SourceDate "2008.09.01"]

1. e4 d6 2. d4 Nf6 3. Nc3 g6 4. Be3 Na6 5. f3 c5 6. dxc5 Nxc5 7. e5 Nfd7 8.
exd6 exd6 9. Qd4 Nf6 10. O-O-O Ne6 11. Bb5+ Bd7 12. Bxd7+ Kxd7 13. Qb4 Qc7 14.
Nge2 Be7 15. Nd4 a6 16. Na4 Ke8 17. Rhe1 b5 18. Nxe6 fxe6 19. Bb6 Qc6 20. Rxe6
bxa4 21. Rdxd6 Qb5 22. Rd8+ 1-0

[Event "Vesterhav"]
[Site "Esbjerg"]
[Date "2008.07.11"]
[Round "1"]
[White "Fries Nielsen, Jens Ove"]
[Black "Zachariassen, John"]
[Result "1-0"]
[WhiteElo "2397"]
[BlackElo "1949"]
[PlyCount "79"]
[EventDate "2008.07.11"]
[EventType "swiss"]
[EventRounds "10"]
[EventCountry "DEN"]
[Source "ChessBase"]
[SourceDate "2008.09.01"]

1. Nf3 d6 2. d4 Nf6 3. g3 Nbd7 4. Nc3 c6 5. e4 e5 6. a4 Be7 7. Bg2 Qc7 8. O-O
O-O 9. b3 Re8 10. Bb2 Nf8 11. h3 Ng6 12. Rc1 h6 13. Re1 Nh7 14. d5 c5 15. Nb5
Qd8 16. Na3 Rf8 17. Nc4 Ng5 18. Nxg5 Bxg5 19. Ne3 f5 20. exf5 Bxf5 21. Ra1 Bd7
22. Nc4 Bf5 23. Bc1 Bxc1 24. Rxc1 Qf6 25. Qd2 Rad8 26. Re3 Bd7 27. Rce1 Bc8 28.
Rf3 Qe7 29. Rxf8+ Qxf8 30. Qa5 Rd7 31. Re3 b6 32. Qe1 Rd8 33. Be4 Qe8 34. Qe2
Ne7 35. h4 Qf7 36. Rf3 Qe8 37. Ne3 Kh8 38. h5 Qg8 39. Qd3 Rf8 40. Bh7 1-0

[Event "Vesterhav"]
[Site "Esbjerg"]
[Date "2008.07.11"]
[Round "1"]
[White "Grove, Peter"]
[Black "Mortensen, Carl Heinrich"]
[Result "1-0"]
[WhiteElo "2109"]
[BlackElo "1686"]
[PlyCount "57"]
[EventDate "2008.07.11"]
[EventType "swiss"]
[EventRounds "10"]
[EventCountry "DEN"]
[Source "ChessBase"]
[SourceDate "2008.09.01"]

1. e4 c6 2. d4 d5 3. Nc3 dxe4 4. Nxe4 Nf6 5. Nxf6+ gxf6 6. c3 Bf5 7. Nf3 Nd7 8.
g3 e6 9. Bg2 Qc7 10. O-O O-O-O 11. b4 e5 12. Be3 Be6 13. Qa4 a6 14. Qc2 Nb6 15.
dxe5 fxe5 16. Nxe5 f6 17. Nf3 Nd5 18. Bd4 Rg8 19. a3 Be7 20. c4 Nf4 21. Qe4
Nh3+ 22. Kh1 Bg4 23. Rae1 Rde8 24. Qxh7 Rh8 25. Qe4 Bxf3 26. Qxf3 Qd7 27. Be3
Ng5 28. Bxg5 fxg5 29. b5 1-0

[Event "Vesterhav"]
[Site "Esbjerg"]
[Date "2008.07.11"]
[Round "1"]
[White "Hansen, Rene Rauer"]
[Black "Stubsgaard, Aske Lynge"]
[Result "1-0"]
[WhiteElo "2001"]
[BlackElo "1061"]
[PlyCount "81"]
[EventDate "2008.07.11"]
[EventType "swiss"]
[EventRounds "10"]
[EventCountry "DEN"]
[Source "ChessBase"]
[SourceDate "2008.09.01"]

1. e4 c6 2. d4 d5 3. Nc3 dxe4 4. Nxe4 Bf5 5. Ng3 Bg6 6. Bc4 e6 7. N1e2 Nf6 8.
O-O Nbd7 9. Nf4 Bd6 10. Re1 Nb6 11. Bxe6 fxe6 12. Nxe6 Qb8 13. Nxg7+ Kf7 14.
Bh6 Nbd5 15. c4 Nb4 16. Qe2 Qc8 17. N7h5 Nxh5 18. Nxh5 Re8 19. Qf3+ Qf5 20.
Qxf5+ Bxf5 21. Rxe8 Rxe8 22. Ng7 Re2 23. Nxf5 Bc7 24. g4 Nd3 25. Be3 Rxb2 26.
d5 cxd5 27. cxd5 b6 28. d6 Bd8 29. Ng3 Ne5 30. h3 Nc4 31. Bf4 Ke6 32. Ne4 Rb5
33. Rc1 Rb4 34. f3 Na5 35. Bg5 Bxg5 36. Nxg5+ Kxd6 37. Nxh7 Rb2 38. g5 Ke6 39.
g6 Rd2 40. h4 Rd7 41. Nf8+ 1-0

[Event "Vesterhav"]
[Site "Esbjerg"]
[Date "2008.07.11"]
[Round "1"]
[White "Helledie, Anders"]
[Black "Oehmichen, Jan"]
[Result "1-0"]
[WhiteElo "2223"]
[BlackElo "1853"]
[PlyCount "113"]
[EventDate "2008.07.11"]
[EventType "swiss"]
[EventRounds "10"]
[EventCountry "DEN"]
[Source "ChessBase"]
[SourceDate "2008.09.01"]

1. e4 c5 2. Nc3 d6 3. g3 Nc6 4. Bg2 e6 5. d3 g6 6. Be3 Bg7 7. Qd2 Nge7 8. Bh6
O-O 9. h4 f6 10. Bxg7 Kxg7 11. f4 Rb8 12. h5 Rh8 13. Nf3 b5 14. e5 dxe5 15.
fxe5 f5 16. O-O-O b4 17. Ne2 Qa5 18. Kb1 Nd5 19. Ka1 h6 20. hxg6 Rb6 21. c4 Ra6
22. Nc1 Nde7 23. Rh2 b3 24. a3 Rb6 25. Qxa5 Nxa5 26. Ne2 Nxg6 27. Nf4 Nc6 28.
Nxg6 Kxg6 29. Nh4+ Kg7 30. Bxc6 Rxc6 31. Ng2 Rc7 32. Nf4 Re7 33. g4 Rf7 34. Rg1
fxg4 35. Rxg4+ Kf8 36. Kb1 Ke8 37. Kc1 Rhf8 38. Nh5 Rf1+ 39. Kd2 R1f2+ 40. Rxf2
Rxf2+ 41. Kc3 Rh2 42. Rg8+ Kf7 43. Rxc8 Rxh5 44. Rxc5 Rf5 45. Rc7+ Kg6 46. Rd7
a5 47. Kxb3 Rxe5 48. Kc3 h5 49. Rd8 Kg7 50. Rd4 Kg6 51. Rh4 Kg5 52. Rh1 Kf4 53.
b4 Kg3 54. b5 h4 55. b6 Rf5 56. b7 Rf8 57. c5 1-0

[Event "Vesterhav"]
[Site "Esbjerg"]
[Date "2008.07.11"]
[Round "1"]
[White "Hoffmann, Tobias Breinholt"]
[Black "Christensen, Svend Ib"]
[Result "1-0"]
[WhiteElo "2034"]
[BlackElo "1531"]
[PlyCount "71"]
[EventDate "2008.07.11"]
[EventType "swiss"]
[EventRounds "10"]
[EventCountry "DEN"]
[Source "ChessBase"]
[SourceDate "2008.09.01"]

1. e4 d6 2. d4 Nf6 3. Nc3 e6 4. Bd3 Be7 5. f4 c5 6. dxc5 dxc5 7. Nf3 a6 8. a4
b6 9. O-O Nc6 10. e5 Ng4 11. Qe1 Nd4 12. Qg3 Nxf3+ 13. Qxf3 c4 14. Be4 Bc5+ 15.
Kh1 Nxh2 16. Kxh2 Qh4+ 17. Qh3 Qxh3+ 18. Kxh3 Ra7 19. Rd1 Ke7 20. Bf3 Rd7 21.
Rxd7+ Kxd7 22. Ne4 Be7 23. Be3 Kc7 24. a5 b5 25. c3 Bb7 26. Rd1 Bc6 27. Bb6+
Kb8 28. Nd6 Bxf3 29. gxf3 f5 30. Nf7 Rf8 31. Ng5 Bxg5 32. fxg5 h6 33. g6 Kc8
34. Rd6 Re8 35. Rc6+ Kb8 36. Bc5 1-0

[Event "Vesterhav"]
[Site "Esbjerg"]
[Date "2008.07.11"]
[Round "1"]
[White "Holm, Sejer"]
[Black "Luther, Lasse"]
[Result "1-0"]
[WhiteElo "2240"]
[BlackElo "1912"]
[PlyCount "87"]
[EventDate "2008.07.11"]
[EventType "swiss"]
[EventRounds "10"]
[EventCountry "DEN"]
[Source "ChessBase"]
[SourceDate "2008.09.01"]

1. Nf3 Nf6 2. c4 g6 3. b4 Bg7 4. Bb2 d6 5. d4 O-O 6. e3 Nbd7 7. Be2 c5 8. bxc5
dxc5 9. O-O cxd4 10. exd4 Qb6 11. Qb3 Ne4 12. Rd1 Ndc5 13. Qa3 Bg4 14. Nc3 Nxc3
15. Bxc3 Ne4 16. Rab1 Nxc3 17. Qxc3 Qc7 18. h3 Bf5 19. Bd3 Bd7 20. Qb4 Bc8 21.
Be4 Rb8 22. c5 e6 23. Qa3 a6 24. Rb6 Rd8 25. Qe3 Bf8 26. Bc2 Bg7 27. Rdb1 Bd7
28. Be4 Bc8 29. c6 Rd6 30. Ne5 f5 31. Bf3 Rxd4 32. Qxd4 Bxe5 33. Qe3 Bf4 34.
Qd3 e5 35. Bd5+ Kg7 36. Qc4 e4 37. cxb7 Bh2+ 38. Kh1 Qf4 39. Qd4+ Kf8 40. Qf6+
Ke8 41. bxc8=Q+ Rxc8 42. Re6+ Kd7 43. Qf7+ Kd8 44. Re8# 1-0

[Event "Vesterhav"]
[Site "Esbjerg"]
[Date "2008.07.11"]
[Round "1"]
[White "Jacobsen, Per"]
[Black "Amberger, Dieter"]
[Result "1/2-1/2"]
[WhiteElo "1702"]
[BlackElo "2110"]
[PlyCount "44"]
[EventDate "2008.07.11"]
[EventType "swiss"]
[EventRounds "10"]
[EventCountry "DEN"]
[Source "ChessBase"]
[SourceDate "2008.09.01"]

1. b3 d5 2. Bb2 Nf6 3. Nf3 c6 4. e3 Bg4 5. Be2 Nbd7 6. d4 e6 7. Nbd2 Bd6 8. O-O
O-O 9. c4 Ne4 10. Nxe4 dxe4 11. Ne5 Bxe2 12. Qxe2 f5 13. Nxd7 Qxd7 14. Rad1
Rae8 15. Qd2 Qc7 16. g3 Qf7 17. Qc3 Qg6 18. d5 exd5 19. cxd5 Be5 20. Qc2 Bxb2
21. Qxb2 Rd8 22. dxc6 Qxc6 1/2-1/2

[Event "Vesterhav"]
[Site "Esbjerg"]
[Date "2008.07.11"]
[Round "1"]
[White "Jensen, Jan Kargaard"]
[Black "Dyrgaard, Kristoffer"]
[Result "0-1"]
[WhiteElo "1813"]
[BlackElo "2173"]
[PlyCount "74"]
[EventDate "2008.07.11"]
[EventType "swiss"]
[EventRounds "10"]
[EventCountry "DEN"]
[Source "ChessBase"]
[SourceDate "2008.09.01"]

1. c4 e5 2. Nc3 Nc6 3. g3 f5 4. d3 Nf6 5. Bg2 Bb4 6. Bd2 O-O 7. Nd5 Bxd2+ 8.
Qxd2 d6 9. e3 Ne7 10. Nxf6+ Rxf6 11. Ne2 Qe8 12. Nc3 c6 13. O-O-O Be6 14. Kb1
Rb8 15. f4 b5 16. c5 exf4 17. cxd6 fxe3 18. Qxe3 b4 19. Na4 Nd5 20. Qe5 Nc3+
21. Ka1 Nxa4 22. Rhe1 Rb5 23. Qd4 Qd7 24. Rc1 c5 25. Qe5 c4 26. Qd4 c3 27. b3
Nc5 28. Bd5 Kf8 29. Bc4 Bxc4 30. dxc4 Ra5 31. Kb1 Ne4 32. c5 Nd2+ 33. Kc2 Rxa2+
34. Kd3 Qb5+ 35. Ke3 f4+ 36. gxf4 Re6+ 37. Kf2 Nxb3+ 0-1

[Event "Vesterhav"]
[Site "Esbjerg"]
[Date "2008.07.11"]
[Round "1"]
[White "Jensen, John Klaus"]
[Black "Ashwin, Jayaram"]
[Result "0-1"]
[WhiteElo "1960"]
[BlackElo "2436"]
[PlyCount "42"]
[EventDate "2008.07.11"]
[EventType "swiss"]
[EventRounds "10"]
[EventCountry "DEN"]
[Source "ChessBase"]
[SourceDate "2008.09.01"]

1. d4 Nf6 2. c4 g6 3. Nc3 d5 4. g4 dxc4 5. g5 Nd5 6. Qa4+ Nc6 7. Bg2 Nb6 8.
Bxc6+ bxc6 9. Qxc6+ Bd7 10. Qf3 Bg7 11. Be3 O-O 12. h4 Na4 13. Nxa4 Bxa4 14. h5
c5 15. hxg6 fxg6 16. Qe4 cxd4 17. Qe6+ Rf7 18. Bd2 c3 19. bxc3 dxc3 20. Bf4 c2
21. Bd2 Bxa1 0-1

[Event "Vesterhav"]
[Site "Esbjerg"]
[Date "2008.07.11"]
[Round "1"]
[White "Johansen, Johnny Holler"]
[Black "Hasbo, Mikkel"]
[Result "1-0"]
[WhiteElo "2029"]
[BlackElo "1485"]
[PlyCount "55"]
[EventDate "2008.07.11"]
[EventType "swiss"]
[EventRounds "10"]
[EventCountry "DEN"]
[Source "ChessBase"]
[SourceDate "2008.09.01"]

1. d4 Nc6 2. Nf3 d5 3. c4 e6 4. Nc3 Bb4 5. e3 Nge7 6. Bd2 O-O 7. Bd3 Ng6 8. h4
f5 9. Qc2 e5 10. cxd5 e4 11. dxc6 Bxc3 12. Bxc3 exd3 13. Qb3+ Kh8 14. cxb7 Bxb7
15. Qxb7 Rf6 16. Qb5 d2+ 17. Nxd2 a6 18. Qc4 Qe7 19. O-O-O Rd6 20. h5 Nf8 21.
Bb4 Rad8 22. Bxd6 Qxd6 23. Qc5 Qd7 24. h6 Re8 25. hxg7+ Qxg7 26. Qxf5 Qxg2 27.
Qf6+ Kg8 28. Rdg1 1-0

[Event "Vesterhav"]
[Site "Esbjerg"]
[Date "2008.07.11"]
[Round "1"]
[White "Kops, John"]
[Black "Iljushin, Alexei"]
[Result "0-1"]
[WhiteElo "1979"]
[BlackElo "2546"]
[PlyCount "46"]
[EventDate "2008.07.11"]
[EventType "swiss"]
[EventRounds "10"]
[EventCountry "DEN"]
[Source "ChessBase"]
[SourceDate "2008.09.01"]

1. e4 c5 2. Nf3 Nc6 3. Bc4 e6 4. d4 cxd4 5. Nxd4 Qc7 6. Nb5 Qb8 7. O-O a6 8.
Nd4 Nf6 9. Nxc6 bxc6 10. Qe2 d5 11. exd5 cxd5 12. Bb3 Bd6 13. Ba4+ Bd7 14.
Bxd7+ Nxd7 15. f4 O-O 16. Kh1 Nf6 17. b3 Rc8 18. Bb2 Ne4 19. Qg4 g6 20. c4 Rxc4
21. Qh4 Rc2 22. Bd4 Qb4 23. Rd1 Qxd4 0-1

[Event "Vesterhav"]
[Site "Esbjerg"]
[Date "2008.07.11"]
[Round "1"]
[White "Kovshoj, Sune"]
[Black "Zyde, Fadmal"]
[Result "1-0"]
[WhiteElo "2013"]
[BlackElo "1659"]
[PlyCount "53"]
[EventDate "2008.07.11"]
[EventType "swiss"]
[EventRounds "10"]
[EventCountry "DEN"]
[Source "ChessBase"]
[SourceDate "2008.09.01"]

1. e4 e5 2. f4 exf4 3. Nf3 Be7 4. Bc4 Nc6 5. O-O d6 6. d4 g5 7. Nc3 Bf6 8. Nd5
Bg4 9. c3 Bxf3 10. Qxf3 Nce7 11. Qh5 Ng6 12. h4 Nxh4 13. Nxf4 Qe7 14. Nd5 Qxe4
15. Nxf6+ Nxf6 16. Qxf7+ Kd8 17. Qxf6+ Kd7 18. Bb5+ c6 19. Qg7+ Kc8 20. Qxh8+
Kc7 21. Qg7+ Kb6 22. Qxg5 cxb5 23. Bf4 Ng6 24. Rae1 Qc6 25. Bxd6 Rg8 26. Re6
Qxg2+ 27. Qxg2 1-0

[Event "Vesterhav"]
[Site "Esbjerg"]
[Date "2008.07.11"]
[Round "1"]
[White "Kristensen, Hans Hald"]
[Black "Carlstedt, Jonathan"]
[Result "0-1"]
[WhiteElo "1820"]
[BlackElo "2203"]
[PlyCount "100"]
[EventDate "2008.07.11"]
[EventType "swiss"]
[EventRounds "10"]
[EventCountry "DEN"]
[Source "ChessBase"]
[SourceDate "2008.09.01"]

1. d4 Nf6 2. Bf4 g6 3. e3 Bg7 4. Nd2 c5 5. c3 Nc6 6. Ngf3 Nh5 7. Bg5 h6 8. Bh4
g5 9. Bg3 Nxg3 10. hxg3 d5 11. Qc2 cxd4 12. exd4 Bg4 13. Bb5 Qd6 14. Nb3 Kf8
15. Kf1 Rc8 16. Qd2 Qc7 17. Re1 Na5 18. Ne5 Bxe5 19. dxe5 Nxb3 20. axb3 Qb6 21.
Be2 Bxe2+ 22. Rxe2 Qxb3 23. f4 gxf4 24. gxf4 Rc6 25. Rh3 Rg6 26. Rd3 e6 27. Qe3
Qb5 28. Kg1 Rhg8 29. Rdd2 b6 30. Qh3 Qc5+ 31. Rd4 Ke7 32. Rf2 f5 33. exf6+ Rxf6
34. Qe3 Rgf8 35. Re2 Qd6 36. g3 h5 37. Qd3 Rf5 38. Qa6 Qc7 39. Qa3+ Kf7 40. Qa6
Rg8 41. Kh2 h4 42. Qa4 hxg3+ 43. Kg2 Rh5 44. Kf3 g2 45. Rxg2 Rxg2 46. Kxg2 Kf6
47. Rd3 Qh7 48. Qd4+ Kf7 49. Rg3 Rh2+ 50. Kg1 Rxb2 0-1

[Event "Vesterhav"]
[Site "Esbjerg"]
[Date "2008.07.11"]
[Round "1"]
[White "Lindestrom, Amalie Heiring"]
[Black "Seegert, Kristian"]
[Result "0-1"]
[WhiteElo "1413"]
[BlackElo "2024"]
[PlyCount "62"]
[EventDate "2008.07.11"]
[EventType "swiss"]
[EventRounds "10"]
[EventCountry "DEN"]
[Source "ChessBase"]
[SourceDate "2008.09.01"]

1. e4 e5 2. d4 exd4 3. c3 d5 4. exd5 Qxd5 5. cxd4 Nc6 6. Nf3 Bg4 7. Be2 Bb4+ 8.
Nc3 Bxf3 9. Bxf3 Qc4 10. Qe2+ Qxe2+ 11. Bxe2 Nxd4 12. Bd3 O-O-O 13. Be3 Nf6 14.
O-O Nf3+ 15. gxf3 Rxd3 16. Rac1 Bxc3 17. Rxc3 Rxc3 18. bxc3 Rd8 19. Bxa7 b6 20.
Re1 Kb7 21. Bxb6 cxb6 22. Re7+ Rd7 23. Rxd7+ Nxd7 24. Kf1 Kc6 25. Ke2 Kc5 26.
Kd2 Kc4 27. f4 Nf6 28. Kc2 Ng4 29. h4 Nxf2 30. a3 f5 31. a4 Nd3 0-1

[Event "Vesterhav"]
[Site "Esbjerg"]
[Date "2008.07.11"]
[Round "1"]
[White "Madsen, Egon Rysgaard"]
[Black "Lauritsen, Martin Lee"]
[Result "0-1"]
[WhiteElo "1677"]
[BlackElo "2063"]
[PlyCount "72"]
[EventDate "2008.07.11"]
[EventType "swiss"]
[EventRounds "10"]
[EventCountry "DEN"]
[Source "ChessBase"]
[SourceDate "2008.09.01"]

1. e4 c5 2. Nf3 e6 3. d4 cxd4 4. Nxd4 a6 5. Nc3 Qc7 6. a3 d6 7. Be3 Nf6 8. Be2
b5 9. O-O Bb7 10. f3 Nbd7 11. Rc1 Be7 12. Qd2 O-O 13. Rfd1 Rac8 14. Ncxb5 axb5
15. Nxb5 Qb8 16. Nxd6 Rc6 17. Nxb7 Qxb7 18. b4 Ra8 19. Ra1 Nb6 20. Bb5 Rcc8 21.
Qd3 Qc7 22. Kh1 Nc4 23. Bc5 Nb2 24. Qe3 Nxd1 25. Rxd1 Bxc5 26. Qxc5 Qb8 27. Bc6
Rxa3 28. b5 Ra5 29. c4 h6 30. e5 Rd8 31. Rxd8+ Qxd8 32. g4 Ra1+ 33. Kg2 Ra2+
34. Kg3 Qd2 35. Qg1 Nh5+ 36. Kh3 Nf4+ 0-1

[Event "Vesterhav"]
[Site "Esbjerg"]
[Date "2008.07.11"]
[Round "1"]
[White "Madsen, Tobias Juul"]
[Black "Motzkus, Mikkel"]
[Result "0-1"]
[WhiteElo "1608"]
[BlackElo "1995"]
[PlyCount "58"]
[EventDate "2008.07.11"]
[EventType "swiss"]
[EventRounds "10"]
[EventCountry "DEN"]
[Source "ChessBase"]
[SourceDate "2008.09.01"]

1. e4 c6 2. d4 d5 3. exd5 cxd5 4. Bd3 Nf6 5. Ne2 Nc6 6. c3 Bg4 7. Bf4 e6 8. O-O
Bd6 9. Bxd6 Qxd6 10. Qc2 Bh5 11. Ng3 Bg6 12. Nd2 b5 13. Bxg6 hxg6 14. Qd3 Rb8
15. Rfe1 b4 16. Rab1 O-O 17. Nf3 Rfc8 18. Ne5 Rc7 19. Nxc6 Rxc6 20. Ne2 Rbc8
21. Rec1 Qc7 22. h3 Ne4 23. cxb4 Rxc1+ 24. Rxc1 Qxc1+ 25. Nxc1 Rxc1+ 26. Kh2
Rh1+ 27. Kxh1 Nxf2+ 28. Kg1 Nxd3 29. Kf1 Nxb4 0-1

[Event "Vesterhav"]
[Site "Esbjerg"]
[Date "2008.07.11"]
[Round "1"]
[White "Malakhatko, Vadim"]
[Black "Brondt, Nicolai Kvist"]
[Result "1-0"]
[WhiteElo "2612"]
[BlackElo "1966"]
[PlyCount "43"]
[EventDate "2008.07.11"]
[EventType "swiss"]
[EventRounds "10"]
[EventCountry "DEN"]
[Source "ChessBase"]
[SourceDate "2008.09.01"]

1. d4 d5 2. c4 c6 3. Nc3 Nf6 4. e3 e6 5. Nf3 Nbd7 6. Bd3 dxc4 7. Bxc4 b5 8. Bd3
Bb7 9. O-O a6 10. e4 c5 11. d5 c4 12. Bc2 Bc5 13. dxe6 fxe6 14. e5 Nd5 15. Ng5
Nf8 16. Nce4 Qc7 17. Nxc5 Qxc5 18. Ne4 Qb6 19. Nd6+ Kd7 20. Qf3 Ng6 21. Bxg6
hxg6 22. Qf7+ 1-0

[Event "Vesterhav"]
[Site "Esbjerg"]
[Date "2008.07.11"]
[Round "1"]
[White "Marshall, Michael"]
[Black "Hagen, Andreas Skytte"]
[Result "0-1"]
[WhiteElo "1917"]
[BlackElo "2288"]
[PlyCount "74"]
[EventDate "2008.07.11"]
[EventType "swiss"]
[EventRounds "10"]
[EventCountry "DEN"]
[Source "ChessBase"]
[SourceDate "2008.09.01"]

1. d4 e6 2. Nf3 Nf6 3. e3 b6 4. Bd3 Bb7 5. O-O Be7 6. c4 O-O 7. Nc3 d5 8. cxd5
exd5 9. b3 Nbd7 10. Bb2 a6 11. Re1 Ne4 12. Rc1 Bd6 13. g3 f5 14. Nd2 Qf6 15. f4
Nxd2 16. Qxd2 Kh8 17. Bf1 Qe6 18. Bg2 Nf6 19. a3 Ne4 20. Nxe4 fxe4 21. a4 a5
22. Ra1 Qe7 23. Qc1 Bb4 24. Ba3 c5 25. Bxb4 axb4 26. Bf1 cxd4 27. exd4 Rfc8 28.
Qb2 Rc3 29. Rac1 Rac8 30. Rxc3 Rxc3 31. Rc1 Qc7 32. Rd1 Rc2 33. Qb1 Qc3 34. Re1
Qxd4+ 35. Kh1 Qf2 36. Re2 Rxe2 37. Bxe2 Qxe2 0-1